Statystyki dla ZWIERZĘTA na literę B

Kliknij tutaj aby rozwiązać quiz!

Ogólne statystyki

  • Ten quiz został rozwiązany 125 razy
  • Średni wynik to 7 z 10

Statystyki odpowiedzi

Odpowiedź% Poprawnych
Bóbr europejski
97%
Bocian biały
92%
Borsuk europejski
88%
Bizon amerykański
87%
Bawół afrykański
86%
Bażant zwyczajny
84%
Bielik
70%
Baribal
32%
Bąk zwyczajny
16%
Binturong orientalny
9%

Rozkład punktacji

Percentyl według liczby udzielonych odpowiedzi

Procent ludzi z każdym wynikiem

Twoja historia wyników

Nie rozwiązałeś tego quizu